01428pab a2200145 454500008004000000100001900040245013400059260000900193300001500202520097500217650002601192700001401218700002401232773002601256180718b2014 xxu||||| |||| 00| 0 eng d aLindsay, Colin aThe 'new public governance' and employability services in an era of crisis: Challenges for third sector organizations in Scotland c2014 ap.192-207. aThird sector organizations (TSOs) have emerged as key players in the delivery of public services to assist jobless people to improve their employability and move from welfare to work. Drawing on in-depth research with employability providers in Scotland, this article explores how TSOs have responded to the challenges of a rapidly changing public services environment. Specifically. we use the concept of the 'New Public Governance' to explore TSOs' relationships with UK. devolved and local government stakeholders. TSOs demonstrated a pragmatic approach to shaping their services to reflect the priorities of public funders, and identified some opportunities arising from the new emphasis on 'localism'. However, the evidence suggests that opportunities for collaboration at times remained constrained by certain forms of 'contractualism' and top-down performance management. Based on the evidence, lessons for future policy and practice are considered. - Reproduced. aPublic administration aBond, Sue aOsborne, Stephen P. aPublic Administration